F1 Multiple Choice - Statistics

General Stats
  • This quiz has been taken 96 times
  • The average score is 8 of 15
Answer Stats
Question Answer % Correct
The 2013 film "Rush" is about what rivalry? Niki Lauda vs James Hunt
93%
What relation was Bruno Senna to Ayrton Senna? Nephew
82%
Nelson Piquet Jr lost his drive after the 2009 Crashgate scandal, but who replaced him at Renault? Romain Grosjean
82%
What is the name of Ferrari's fans at the Italian Grand Prix? Tifosi
79%
What nationality is Pastor Maldonado? Venezuelan
71%
Out of these drivers, who has won the most Grand Prix? Kimi Raikkonen
68%
True or False, Ferrari failed to win a race in 2014 and 2016? True
61%
How many Finnish drivers have won a Grand Prix? 5
54%
For which team did Kamui Kobayashi make his F1 debut? Toyota
50%
Who has won the most races for McLaren? Ayrton Senna
43%
How many Constructors Championships have Williams won? 9
39%
Which of these drivers was Jenson Button's longest serving teammate? Rubens Barrichello
32%
Which of these world champions first tested for Williams? Sebastian Vettel
32%
Which airline company sponsors the Abu Dhabi Grand Prix? Etihad
29%
Which of these teams scored a double podium at the 2014 Australian Grand Prix? McLaren
29%
No matching quizzes found
Score Distribution
Percent of People with Each Score
Percentile by Number Answered
Your Score History
You have not taken this quiz